Complex Variables and Applications / (Record no. 182034)

000 -LEADER
fixed length control field 00942 a2200205 4500
003 - CONTROL NUMBER IDENTIFIER
control field Nust
005 - DATE AND TIME OF LATEST TRANSACTION
control field 20230221084247.0
020 ## - INTERNATIONAL STANDARD BOOK NUMBER
International Standard Book Number 0071263284
040 ## - CATALOGING SOURCE
Transcribing agency Nust
082 ## - DEWEY DECIMAL CLASSIFICATION NUMBER
Classification number 515.921,BRO
100 ## - MAIN ENTRY--PERSONAL NAME
Personal name Brown, James Ward
9 (RLIN) 8852
245 ## - TITLE STATEMENT
Title Complex Variables and Applications /
Statement of responsibility, etc. James Ward Brown and Ruel V. Churchill
250 ## - EDITION STATEMENT
Edition statement 7th ed.
260 ## - PUBLICATION, DISTRIBUTION, ETC.
Place of publication, distribution, etc. New York
Name of publisher, distributor, etc. McGraw-Hill
Date of publication, distribution, etc. 2004
300 ## - PHYSICAL DESCRIPTION
Extent 458 p.
505 ## - FORMATTED CONTENTS NOTE
Formatted contents note Complex Numbers (Page-1), Analytic Functions (Page-33), Elementary Functions (Page-87), Integrals (Page-111), Series (Page-175), Residues and Poles (Page-221), Applications of Residues (Page-251), Mapping by Elementary Functions (Page-299), Conformal Mapping (Page-343), Applications of Conformal Mapping (Page-361), The Schwarz-Chistoffel Transformation (Page-391), Integral Formulas of the Poisson Type (Page-417).
650 ## - SUBJECT ADDED ENTRY--TOPICAL TERM
Topical term or geographic name entry element Complex variables
9 (RLIN) 78761
700 ## - ADDED ENTRY--PERSONAL NAME
Personal name Churchill, Ruel V.
9 (RLIN) 8853
942 ## - ADDED ENTRY ELEMENTS (KOHA)
Source of classification or shelving scheme
Koha item type Book
Holdings
Withdrawn status Lost status Source of classification or shelving scheme Damaged status Not for loan Collection code Permanent Location Current Location Date acquired Total Checkouts Full call number Barcode Checked out Date last seen Date last checked out Price effective from Koha item type Shelving location Public note
            Military College of Signals (MCS) Military College of Signals (MCS) 12/12/2016 1 515.921 BRO MCS31589 07/26/2025 06/26/2025 06/26/2025 12/12/2016 Book    
            Military College of Signals (MCS) Military College of Signals (MCS) 12/12/2016 1 515.921,BRO MCS33304   11/20/2024 11/08/2024 12/12/2016 Book General Stacks Almirah No.13, Shelf No.6
            Military College of Signals (MCS) Military College of Signals (MCS) 12/12/2016 3 515.921,BRO MCS33305   06/11/2024 04/24/2024 12/12/2016 Book General Stacks Almirah No.13, Shelf No.6
            Military College of Signals (MCS) Military College of Signals (MCS) 12/12/2016   515.921 BRO MCSEB-3178   12/08/2016   12/12/2016 Book    
© 2023 Central Library, National University of Sciences and Technology. All Rights Reserved.